[Event "Collado Villalba op 40th"]
[Site "Collado Villalba"]
[Date "2023.08.24"]
[Round "3"]
[White "Muradova, Nelli"]
[Black "Moreno Sabroso, Ruben"]
[Result "1/2-1/2"]
[WhiteElo "1765"]
[BlackElo "1471"]
[PlyCount "133"]
[EventDate "2023.08.22"]
[EventType "swiss"]
[EventRounds "9"]
[EventCountry "ESP"]
[SourceTitle "EXT 2024"]
[Source "ChessBase"]
[SourceDate "2023.10.10"]
[SourceVersion "1"]
[SourceVersionDate "2023.10.10"]
[SourceQuality "1"]

1. e4 c5 2. Nf3 g6 3. d4 cxd4 4. Nxd4 Nc6 5. Nc3 Bg7 6. Be3 Nf6 7. Nxc6 bxc6 8. e5 Ng8 9. Bd4 c5 10. Bxc5 Bxe5 11. Bd4 Bxd4 12. Qxd4 Nf6 13. Bc4 Qb6 14. Qxb6 axb6 15. 0-0 0-0 16. Rfe1 e6 17. Bb5 Ba6 18. a4 Rfc8 19. Bxa6 Rxa6 20. Re2 Rc5 21. Ra3 d5 22. Nb5 Ra8 23. c3 Kf8 24. Kf1 Ke7 25. h3 Ne4 26. Ke1 Nd6 27. Nxd6 Kxd6 28. b4 Rc4 29. Rd2 Rac8 30. Rd3 Ra8 31. Kd2 Ke5 32. g3 f5 33. f4+ Kf6 34. Rd4 Rxd4+ 35. cxd4 Ke7 36. a5 Kd7 37. a6 Kc6 38. Re3 Rxa6 39. Rxe6+ Kb5 40. g4 Ra2+ 41. Kc1 Rh2 42. gxf5 gxf5 43. Re5 Kc4 44. Rxf5 Rxh3 45. Rf6 b5 46. Rc6+ Kxd4 47. Rc5 Rf3 48. Rxb5 Rxf4 49. Rb7 h5 50. b5 Kc5 51. b6 h4 52. Rb8 Rc4+ 53. Kd2 Kc6 54. b7 Kc7 55. Rd8 Kxb7 56. Rxd5 Kc6 57. Rh5 Kd6 58. Ke3 Ke6 59. Kf3 Kf6 60. Kg2 Kg6 61. Rh8 Kg7 62. Rh5 Kg6 63. Rh8 Rc2+ 64. Kh3 Rc1 65. Rxh4 Rh1+ 66. Kg4 Rxh4+ 67. Kxh4 1/2-1/2

[Event "Madrid-ch Previa A"]
[Site "Madrid"]
[Date "2023.02.13"]
[Round "4.19"]
[White "Moreno Sabroso, Ruben"]
[Black "Ciuro Munoz, Ricardo"]
[Result "0-1"]
[WhiteElo "1455"]
[BlackElo "1860"]
[PlyCount "82"]
[EventDate "2023.02.06"]
[EventType "swiss"]
[EventRounds "9"]
[EventCountry "ESP"]
[SourceTitle "EXT 2024"]
[Source "ChessBase"]
[SourceDate "2023.10.10"]
[SourceVersion "1"]
[SourceVersionDate "2023.10.10"]
[SourceQuality "1"]

1. e4 e6 2. d3 d5 3. Nd2 c5 4. Ngf3 Nc6 5. g3 Nf6 6. Bg2 Be7 7. 0-0 0-0 8. Re1 b5 9. e5 Nd7 10. Nf1 a5 11. h4 b4 12. Bf4 a4 13. a3 bxa3 14. bxa3 Ba6 15. Ne3 Na5 16. Ng4 Rb8 17. Ng5 h6 18. Nh3 Re8 19. Bxh6 gxh6 20. Nxh6+ Kg7 21. Qd2 Nc6 22. Ng4 Rh8 23. c4 Nd4 24. Rad1 dxc4 25. Qf4 cxd3 26. Bf1 Rb3 27. Re3 Ne2+ 28. Bxe2 dxe2 29. Re1 Rxe3 30. fxe3 Qa5 31. Kf2 Bd3 32. Ng5 Bxg5 33. Qxg5+ Kf8 34. Nh6 Qc7 35. Qf4 Nxe5 36. Ng4 Nxg4+ 37. Qxg4 c4 38. Qd4 Rg8 39. g4 Qh2+ 40. Kf3 Qh3+ 41. Kf4 Rxg4+ 0-1

[Event "Madrid-ch Previa A"]
[Site "Madrid"]
[Date "2023.02.06"]
[Round "1.19"]
[White "Garcia Martin, Esteban"]
[Black "Moreno Sabroso, Ruben"]
[Result "1-0"]
[WhiteElo "1819"]
[BlackElo "1455"]
[PlyCount "81"]
[EventDate "2023.02.06"]
[EventType "swiss"]
[EventRounds "9"]
[EventCountry "ESP"]
[SourceTitle "EXT 2024"]
[Source "ChessBase"]
[SourceDate "2023.10.10"]
[SourceVersion "1"]
[SourceVersionDate "2023.10.10"]
[SourceQuality "1"]

1. c4 g6 2. Nc3 Bg7 3. g3 d6 4. Bg2 Nc6 5. e4 Bd7 6. Nge2 Nd4 7. Nxd4 Bxd4 8. 0-0 Qc8 9. d3 c5 10. Qc2 Rb8 11. Bf4 Bg7 12. Rab1 Nh6 13. b4 b6 14. bxc5 Qxc5 15. Be3 Qc8 16. Bg5 f6 17. Bf4 Nf7 18. Qd2 0-0 19. Rbc1 Ne5 20. Nd5 Qd8 21. d4 Nc6 22. Rfd1 e5 23. dxe5 dxe5 24. Be3 Be6 25. Qe2 Qc8 26. c5 b5 27. Rb1 b4 28. Qc2 f5 29. Qa4 a5 30. Qxc6 Qe8 31. Qxe8 Rfxe8 32. Nc7 Re7 33. Nxe6 Rxe6 34. exf5 gxf5 35. Bd5 Kf7 36. Bxe6+ Kxe6 37. Rd6+ Kf7 38. Rbd1 Bf6 39. Rd7+ Kg8 40. c6 Rc8 41. c7 1-0

[Event "Madrid Alcorcon op 1st"]
[Site "Madrid"]
[Date "2022.12.28"]
[Round "5"]
[White "Munoz Xu, Lain"]
[Black "Moreno Sabroso, Ruben"]
[Result "0-1"]
[WhiteElo "1111"]
[BlackElo "1461"]
[PlyCount "64"]
[EventDate "2022.12.26"]
[EventType "swiss"]
[EventRounds "9"]
[EventCountry "ESP"]
[SourceTitle "CBM 212 Extra"]
[Source "ChessBase"]
[SourceDate "2023.03.31"]
[SourceVersion "1"]
[SourceVersionDate "2023.03.31"]
[SourceQuality "1"]

1. e4 c5 2. c3 g6 3. d4 cxd4 4. cxd4 Bg7 5. Nc3 d6 6. Nf3 Nc6 7. h3 Nf6 8. Bc4 Qa5 9. 0-0 0-0 10. Be3 Bd7 11. Qd2 Rac8 12. Bb3 e6 13. Bh6 Qb4 14. Bxg7 Kxg7 15. Rac1 Na5 16. Bd1 Nxe4 17. Nxe4 Qxd2 18. Nexd2 Rxc1 19. Re1 Bc6 20. g4 Bxf3 21. Nxf3 Nc4 22. Kg2 Nxb2 23. Bb3 Rxe1 24. Nxe1 d5 25. Nf3 Nc4 26. Kg3 b5 27. a4 a6 28. axb5 axb5 29. Kf4 f6 30. h4 e5+ 31. dxe5 fxe5+ 32. Kg5 h6# 0-1

[Event "Collado Villalba op 39th"]
[Site "Collado Villalba"]
[Date "2022.08.26"]
[Round "7"]
[White "Moreno Sabroso, Ruben"]
[Black "Pena Rodriguez, Jose Maria"]
[Result "0-1"]
[WhiteElo "1457"]
[BlackElo "1609"]
[PlyCount "90"]
[EventDate "2022.08.20"]
[EventType "swiss"]
[EventRounds "9"]
[EventCountry "ESP"]
[SourceTitle "EXT 2023"]
[Source "ChessBase"]
[SourceDate "2022.10.05"]
[SourceVersion "1"]
[SourceVersionDate "2022.10.05"]
[SourceQuality "1"]

1. e4 e5 2. Nf3 Nf6 3. d4 Nxe4 4. Bd3 d5 5. Nxe5 Nd7 6. Bxe4 dxe4 7. Qe2 Nf6 8. c3 Be7 9. 0-0 0-0 10. Bg5 Re8 11. Nd2 Bf5 12. Qb5 Qd5 13. Qxd5 Nxd5 14. Bxe7 Rxe7 15. Rfe1 f6 16. Nec4 b6 17. Ne3 Nxe3 18. Rxe3 Rae8 19. Rae1 Kf7 20. f3 exf3 21. Rxe7+ Rxe7 22. Rxe7+ Kxe7 23. Nxf3 Kd6 24. Kf2 g5 25. Ke3 Bb1 26. a3 h6 27. Nd2 Bg6 28. Ne4+ Ke6 29. c4 f5 30. Nc3 f4+ 31. Ke2 c6 32. b4 Kf5 33. c5 Bf7 34. g3 bxc5 35. dxc5 Bc4+ 36. Kf2 a6 37. gxf4 Kxf4 38. Ne2+ Bxe2 39. Kxe2 Ke4 40. Kd2 Kd4 41. h3 h5 42. a4 Kc4 43. b5 axb5 44. axb5 Kxb5 45. Kc3 Kxc5 0-1

[Event "Collado Villalba op 39th"]
[Site "Collado Villalba"]
[Date "2022.08.23"]
[Round "4"]
[White "Paniagua Quinones, Carlos"]
[Black "Moreno Sabroso, Ruben"]
[Result "1-0"]
[WhiteElo "1631"]
[BlackElo "1457"]
[PlyCount "57"]
[EventDate "2022.08.20"]
[EventType "swiss"]
[EventRounds "9"]
[EventCountry "ESP"]
[SourceTitle "EXT 2023"]
[Source "ChessBase"]
[SourceDate "2022.10.05"]
[SourceVersion "1"]
[SourceVersionDate "2022.10.05"]
[SourceQuality "1"]

1. e4 c5 2. Nf3 g6 3. d4 cxd4 4. c3 dxc3 5. Nxc3 Bg7 6. Bc4 e6 7. 0-0 Nc6 8. Nb5 Nge7 9. Nd6+ Kf8 10. Ng5 Ne5 11. Bb3 h6 12. Ngxf7 Nxf7 13. Qf3 Kg8 14. Nxf7 Qf8 15. Nxh8 Qxf3 16. gxf3 Kxh8 17. Rb1 Nc6 18. f4 b5 19. Be3 Na5 20. Rfd1 Nxb3 21. axb3 a6 22. e5 Bf8 23. Rbc1 Kg8 24. Rc7 Kf7 25. Rdc1 Rb8 26. Rxc8 Rb7 27. R1c7 Rxc7 28. Rxc7 Ke7 29. Ra7 1-0

[Event "Madrid-ch Previa-A"]
[Site "Madrid"]
[Date "2022.03.22"]
[Round "8"]
[White "Martinez Miura, Enrique"]
[Black "Moreno Sabroso, Ruben"]
[Result "1-0"]
[WhiteElo "1601"]
[BlackElo "1495"]
[PlyCount "107"]
[EventDate "2022.03.07"]
[EventType "swiss"]
[EventRounds "9"]
[EventCountry "ESP"]
[SourceTitle "EXT 2023"]
[Source "ChessBase"]
[SourceDate "2022.10.05"]
[SourceVersion "1"]
[SourceVersionDate "2022.10.05"]
[SourceQuality "1"]

1. e4 c5 2. Nf3 g6 3. d4 cxd4 4. Nxd4 Bg7 5. Be2 Nc6 6. Be3 Nf6 7. Nc3 Qa5 8. 0-0 0-0 9. Qd2 d6 10. h3 Bd7 11. f4 Nxd4 12. Bxd4 Bc6 13. Bf3 Rad8 14. Qf2 Qb4 15. a3 Qc4 16. b3 Qe6 17. Rae1 Qc8 18. Bxa7 e6 19. Bb6 Rd7 20. Kh1 d5 21. exd5 Bxd5 22. Nxd5 Nxd5 23. Bxd5 Rxd5 24. Rd1 Qc6 25. Rxd5 Qxd5 26. a4 Rc8 27. a5 Qe4 28. c4 Qd3 29. Qf3 Qd7 30. Rd1 Qe7 31. Rd3 Bf6 32. Qd1 Qe8 33. Rd7 e5 34. fxe5 Qxe5 35. Bd4 Qe6 36. Bxf6 Qxf6 37. Rxb7 Rd8 38. Qe1 Rd3 39. Rb5 Qd8 40. Rd5 Rxd5 41. cxd5 Qxd5 42. b4 f5 43. a6 Qb5 44. a7 Qa6 45. Qe8+ Kg7 46. Qe7+ Kg8 47. Qc5 Qf1+ 48. Qg1 Qa6 49. b5 Qb7 50. b6 Kf7 51. Qd4 Ke6 52. Qc4+ Kf6 53. Qa4 Qe7 54. Qa1+ 1-0